LEADER 03503nam 2200601Ia 450 001 9910452845003321 005 20200520144314.0 010 $a1-283-58067-5 010 $a9786613893123 010 $a0-19-156419-2 035 $a(CKB)2550000000105413 035 $a(EBL)975571 035 $a(OCoLC)801363637 035 $a(SSID)ssj0000689361 035 $a(PQKBManifestationID)12275803 035 $a(PQKBTitleCode)TC0000689361 035 $a(PQKBWorkID)10632719 035 $a(PQKB)10688404 035 $a(MiAaPQ)EBC975571 035 $a(Au-PeEL)EBL975571 035 $a(CaPaEBR)ebr10581423 035 $a(CaONFJC)MIL389312 035 $a(EXLCZ)992550000000105413 100 $a20080728d2008 uy 0 101 0 $aeng 135 $aur|n|---||||| 181 $ctxt 182 $cc 183 $acr 200 04$aThe future of international economic law$b[electronic resource] /$fedited by William J. Davey and John Jackson 210 $aOxford ;$aNew York $cOxford University Press$d2008 215 $a1 online resource (335 p.) 225 1 $aInternational economic law series 300 $aDescription based upon print version of record. 311 $a0-19-955113-8 320 $aIncludes bibliographical references and index. 327 $aContents; The Future of International Economic Law; Reforming the International Monetary Fund - Why its Legitimacy is at Stake; Global Justice and the Bretton Woods Institutions; The Culture of the WTO: Why it Needs to Change; Preparing for Structural Reform in the WTO; Good Governance at the World Trade Organization: Building a Foundation of Administrative Law; Multilevel Judicial Governance of International Trade Requires a Common Conception of Rule of Law and Justice; WTO for Trade and Development Post-Doha; A New Dominant Trade Species Emerges: Is Bilateralism a Threat? 327 $aEnsuring that Regional Trade Agreements Complement the WTO System: US Unilateralism a Supplement to WTO Initiatives?Services Trade: Past Liberalization and Future Challenges; Regulatory Jurisdiction and the WTO; Enforcing WTO Obligations: What Can We Learn from Export; The WTO's Environmental Progress; Competition Law and the WTO: Rethinking the Relationship; The Present and Future of the Investor-State dispute Settlement Paradigm; Index; A; B; C; D; E; F; G; H; I; J; L; M; N; P; R; S; T; W 330 $aThis book comprises fifteen specially commissioned contributions from the Editorial Board of the Oxford Journal of International Economic Law in celebration of the Journal's tenth anniversary. The contributions examine various issues confronting the international economic regime today, and cover a wide range of international economic institutions such as the IMF, the World Bank, and the WTO.It pays particular attention to examining the WTO and its regulatory scope, its systemic and structural deficiencies, its role in development and in liberalising trade in services, its tense relationship to 410 0$aInternational economic law series (Oxford, England) 606 $aForeign trade regulation 608 $aElectronic books. 615 0$aForeign trade regulation. 676 $a343.087 701 $aDavey$b William J.$f1949-$0866205 701 $aJackson$b John Howard$f1932-$0118876 801 0$bMiAaPQ 801 1$bMiAaPQ 801 2$bMiAaPQ 906 $aBOOK 912 $a9910452845003321 996 $aThe future of international economic law$91933265 997 $aUNINA